000 00930nam a22002777a 4500
001 BR6900664
003 BR-BrBNA
005 20230928083547.0
007 ta
008 230509b bl.||||| |||| 00| 0 por d
040 _aBR-BrBNA
_bpor
_cBiblioteca Nacional de Agricultura
041 _a(Por)
072 _aL40
_b5212
090 _ 5212 BR6900664
100 1 _aBorelli, V.
110 1 _aUniversidade de Sao Paulo, Sao Paulo (Brasil). Faculdade de Medicina Veterinaria
_910533
245 1 _aContribuicao ao estado da irrigacao arterial do no sinu-atrial em bovinos azebuados [anatomia animal]
260 3 _aSao Paulo, SP (Brasil):
_c1969.
300 _a57 p.
500 _a24 illus.; 36 ref.; Reprint of: Revista Faculdade de Medicina Veterinaria Sao Paulo v. 8 Fac. 1 p. 59 a 118
650 _aGADO ZEBU
650 _aCORACAO
650 _aIRRIGACAO ARTERIAL
909 _a202309
_bLucia
_c55
_dLucia Elande
942 _cBK
999 _c14171
_d14171